[Event "GER Seniors Derby 18th"]
[Site "Wesel Undeloh"]
[Date "2019.03.28"]
[Round "1"]
[White "Bode, Heinrich"]
[Black "Kevekordes, Peter"]
[Result "0-1"]
[WhiteElo "1711"]
[BlackElo "2105"]
[PlyCount "62"]
[EventDate "2019.03.28"]
[EventType "swiss"]
[EventRounds "7"]
[EventCountry "GER"]
[SourceTitle "EXT 2020"]
[Source "ChessBase"]
[SourceDate "2019.10.17"]
[SourceVersion "1"]
[SourceVersionDate "2019.10.17"]
[SourceQuality "1"]

1. e4 c6 2. d4 d5 3. Nc3 dxe4 4. Nxe4 Bf5 5. Bd3 e6 6. Nf3 Nf6 7. Bg5 Be7 8. Ng3 Bxd3 9. Qxd3 h6 10. Be3 Nbd7 11. 0-0 Qc7 12. Rfe1 0-0-0 13. Rad1 Nd5 14. Bd2 Bf6 15. Ne4 g5 16. Nxf6 N5xf6 17. Qa3 Kb8 18. Ba5 b6 19. Bb4 Ne8 20. Ne5 Nxe5 21. dxe5 c5 22. Bd2 Ng7 23. Qf3 Nf5 24. Bc3 Rxd1 25. Rxd1 Rd8 26. g4 Nh4 27. Qe2 Rxd1+ 28. Qxd1 Qc6 29. Qd6+ Kb7 30. Qxc6+ Kxc6 31. Bd2 Nf3+ 0-1

[Event "Blankenese op 2nd"]
[Site "Hamburg"]
[Date "2018.10.02"]
[Round "6.23"]
[White "Richter, Thomas1111"]
[Black "Bode, Heinrich"]
[Result "1/2-1/2"]
[WhiteElo "1826"]
[BlackElo "1721"]
[PlyCount "62"]
[EventDate "2018.09.29"]
[EventType "swiss"]
[EventRounds "7"]
[EventCountry "GER"]
[SourceTitle "EXT 2020"]
[Source "ChessBase"]
[SourceDate "2019.10.17"]
[SourceVersion "1"]
[SourceVersionDate "2019.10.17"]
[SourceQuality "1"]

1. e4 e6 2. b3 d5 3. Bb2 dxe4 4. Nc3 Nf6 5. Bc4 Nc6 6. f3 e5 7. fxe4 Bg4 8. Nf3 Qd7 9. h3 Bxf3 10. gxf3 0-0-0 11. Nd5 Be7 12. Nxe7+ Qxe7 13. Qe2 Nh5 14. Qf2 Nf4 15. a4 Kb8 16. Bc3 Nd4 17. Bxd4 Rxd4 18. c3 Nd3+ 19. Bxd3 Rxd3 20. b4 Rhd8 21. 0-0-0 Qd7 22. a5 Qe6 23. h4 Qf6 24. Rhf1 Qf4 25. Kc2 f5 26. Qe2 R3d6 27. exf5 Qxf5+ 28. Qe4 Qd7 29. Rf2 Qa4+ 30. Kc1 Qa3+ 31. Kb1 Qb3+ 1/2-1/2

[Event "Hamburg St Pauli op-B"]
[Site "Hamburg"]
[Date "2011.07.11"]
[Round "3"]
[White "Bode, Heinrich"]
[Black "Olschok, Juergen"]
[Result "1-0"]
[WhiteElo "1705"]
[BlackElo "1794"]
[PlyCount "45"]
[EventDate "2011.07.09"]
[EventType "swiss"]
[EventRounds "9"]
[EventCountry "GER"]
[SourceTitle "CBM 143 Extra"]
[Source "ChessBase"]
[SourceDate "2011.08.29"]
[SourceVersion "1"]
[SourceVersionDate "2011.08.29"]
[SourceQuality "1"]

1. e4 e6 2. d4 d5 3. Nc3 Nf6 4. Bg5 Bb4 5. e5 h6 6. Bd2 Bxc3 7. Bxc3 Ne4 8. Bd3 Nxc3 9. bxc3 c5 10. Qg4 g6 11. Ne2 c4 12. Bxg6 Rg8 13. Bxf7+ Kxf7 14. Qh5+ Kg7 15. Nf4 Qg5 16. Qf3 Kh8 17. h4 Qg4 18. Qe3 Rf8 19. Nxd5 exd5 20. Qxh6+ Kg8 21. Rh3 Qe6 22. Rg3+ Kf7 23. Rf3+ 1-0

[Event "Hamburg St Pauli op-B"]
[Site "Hamburg"]
[Date "2011.07.11"]
[Round "4"]
[White "Burianek, Daniel"]
[Black "Bode, Heinrich"]
[Result "1-0"]
[WhiteElo "1787"]
[BlackElo "1705"]
[PlyCount "23"]
[EventDate "2011.07.09"]
[EventType "swiss"]
[EventRounds "9"]
[EventCountry "GER"]
[SourceTitle "CBM 143 Extra"]
[Source "ChessBase"]
[SourceDate "2011.08.29"]
[SourceVersion "1"]
[SourceVersionDate "2011.08.29"]
[SourceQuality "1"]

1. e4 e5 2. Nf3 Nf6 3. Nxe5 d6 4. Nf3 Nxe4 5. d4 d5 6. Bd3 Bg4 7. 0-0 Nd7 8. Re1 f5 9. c4 Ndf6 10. cxd5 Qxd5 11. Nc3 Qc6 12. Bb5 1-0